Capitales des pays en "-stan" - Statistiques

Statistiques générales
  • Ce quiz a été pris 11 613 fois
    11 528 depuis la dernière actualisation
  • Le résultat moyen est 5 sur 7
Statistiques - réponses
Pays Capitale % Correct
Afghanistan Kaboul
95%
Pakistan Islamabad
86%
Kazakhstan Astana
83%
Ouzbékistan Tachkent
68%
Kirghizistan Bichkek
63%
Tadjikistan Douchanbé
56%
Turkménistan Achgabat
55%
Aucun quiz correspondant
Distribution des résultats
% des personnes avec chaque résultat
Percentile par nombre de réponses
Votre historique - résultats
Vous n’avez pas pris ce quiz depuis la dernière actualisation